Capital Cities with the most daylight on the Summer Solstice - Statistics

General Stats
  • This quiz has been taken 26 times
  • The average score is 19 of 20
Answer Stats
Duration Of Daylight Capital City % Correct
16:48 Amsterdam
100%
17:32 Copenhagen
100%
18:56 Helsinki
100%
16:38 London
100%
18:50 Oslo
100%
16:11 Paris
100%
17:52 Riga
100%
18:37 Stockholm
100%
16:47 Warsaw
100%
16:50 Berlin
95%
16:31 Brussels
95%
17:00 Dublin
95%
16:18 Luxembourg
95%
17:33 Moscow
95%
21:08 Reykjavik
95%
16:27 Kyiv
91%
17:18 Vilnius
91%
17:07 Minsk
86%
18:39 Tallinn
82%
16:23 Prague
77%
No matching quizzes found
Score Distribution
Percent of People with Each Score
Percentile by Number Answered
Your Score History
You have not taken this quiz